ՀՀ Գիտությունների ազգային ակադեմիայի հիմնարար գիտական գրադարան  =   Fundamental Scientific Library of NAS RA

Гидрография СССР : (Record no. 472669)

MARC details
000 -LEADER
fixed length control field 00941nam-a2200217-a-4500
001 - CONTROL NUMBER
control field 000081148
003 - CONTROL NUMBER IDENTIFIER
control field AM-YeHGA
005 - DATE AND TIME OF LATEST TRANSACTION
control field 20250617161515.0
008 - FIXED-LENGTH DATA ELEMENTS--GENERAL INFORMATION
fixed length control field 980629s1953 xxu 000 0 rus u
020 ## - INTERNATIONAL STANDARD BOOK NUMBER
Terms of availability 12.20
040 ## - CATALOGING SOURCE
Original cataloging agency AM-YeHGA
041 0# - LANGUAGE CODE
Language code of text/sound track or separate title rus
090 ## - LOCALLY ASSIGNED LC-TYPE CALL NUMBER (OCLC); LOCAL CALL NUMBER (RLIN)
-- 475933
100 1# - MAIN ENTRY--PERSONAL NAME
Personal name Давыдов, Лев Константинович
245 10 - TITLE STATEMENT
Title Гидрография СССР :
Remainder of title (воды суши) /
Statement of responsibility, etc. Л.К. Давыдов.
260 ## - PUBLICATION, DISTRIBUTION, ETC.
Place of publication, distribution, etc. Ленинград :
Name of publisher, distributor, etc. ЛГУ ,
Date of publication, distribution, etc. 1953 -.
300 ## - PHYSICAL DESCRIPTION
Extent Ч.
505 00 - FORMATTED CONTENTS NOTE
Miscellaneous information Ч. I ( 1953, 184 с., ил., библиогр. в конце глав ) :
Title Общая характеристика вод
Miscellaneous information Ч. II ( 1955, 600 с., ил., библиогр. в конце глав ) :
Title Гидрография районов
650 14 - SUBJECT ADDED ENTRY--TOPICAL TERM
Topical term or geographic name entry element Общая гидрология
710 2# - ADDED ENTRY--CORPORATE NAME
Corporate name or jurisdiction name as entry element Ленинградский государственный университет им. А.А. Жданова
Holdings
Withdrawn status Lost status Source of classification or shelving scheme Damaged status Not for loan Collection Home library Current library Date acquired Serial enumeration / chronology Total checkouts Full call number Barcode Date last seen Price effective from Koha item type Public note
    Universal Decimal Classification     General Fundamental Scientific Library Fundamental Scientific Library 25/06/2018 Ч. II   РД III/8963 FL0506294 25/06/2018 25/06/2018 Գրքեր / Books 30 Days Loan
    Universal Decimal Classification     General Fundamental Scientific Library Fundamental Scientific Library 25/06/2018 Ч. 2   РД III/8962 FL0506295 25/06/2018 25/06/2018 Գրքեր / Books 30 Days Loan
          General Fundamental Scientific Library Fundamental Scientific Library 26/06/2018 Ч. 1   РД III/9007 FL0503733 26/06/2018 26/06/2018 Գրքեր / Books 30 Days Loan
          General Fundamental Scientific Library Fundamental Scientific Library 26/06/2018 Ч. 1   РД III/9008 FL0503734 26/06/2018 26/06/2018 Գրքեր / Books 30 Days Loan


ՀՀ ԳԱԱ հիմնարար գիտական գրադարան
ՀՀ,Երևան 0019
Մարշալ Բաղրամյան 24/6
հեռախոս:(374-10) 52-47-50
Հետադարձ կապ

All site content, except where otherwise noted, is licensed under a
Creative Commons License